000 01394nam a2200301 4500
003 EG-GICUC
005 20260309133018.0
008 260309s1970 ua ||||fr|||| 000 0 ara d
040 _a EG-GICUC
_bara
_c EG-GICUC
_d EG-GICUC
_erda
041 1 _aara
082 0 4 _221
_a341.28
_bم ؤ . م
092 0 4 _221
099 _aLaw1 1970 341.28 م ؤ . م
111 2 _aالمؤتمر الدولي للبرلمانيين حول قضية الشرق الأوسط ،
_eمؤلف.
245 1 2 _aالمشكلة الفلسطينية :
_bوحق الشعب الفلسطيني فى تقرير مصيره فى ضوء القانون الدولى والإعلان العالمي لحقوق الإنسان /
_cصادر عن المؤتمر الدولي للبرلمانيين حول قضية الشرق الأوسط .
264 1 _aالقاهرة :
_bمجلس الامة ،
_c١٩٧٠ .
300 _a155 ؛ صفحة
_c18 سم
_bإيضاحيات، صور، مثيليات ؛
336 _2rda content
_atext
337 _2rda media
_aComputer
338 _2rda carrier
_aOnline Resource
504 _aيشتمل على ارجاعات ببليوجرافية
546 _aالنص باللغة العربية
650 1 4 _aالمناطق غير المستقلة
_2qrmak
651 1 _2qrmak
856 4 0 _uhttps://fll.law.cu.edu.eg/fulltext/bks/B11-02084.pdf
905 _a76
942 _2ddc
_n0
_cBK
_e21
999 _c65911
_d65911